Welcome to the Holygrace Academy Library

Please use search bar below to get started

THE ENGLISH TEACHER (Record no. 3656)

MARC details
000 -LEADER
fixed length control field 00617nam a22001457a 4500
020 ## - INTERNATIONAL STANDARD BOOK NUMBER
ISBN 978-81-85986-03-6
082 ## - DEWEY DECIMAL CLASSIFICATION NUMBER
Classification number 823
Item number NAR/E
100 ## - MAIN ENTRY--AUTHOR NAME
Personal name NARAYAN, R K
245 ## - TITLE STATEMENT
Title THE ENGLISH TEACHER
260 ## - PUBLICATION, DISTRIBUTION, ETC. (IMPRINT)
Place of publication CHENNAI
Name of publisher INDIAN THOUGHT PUBLICATIONS
Year of publication 2011
300 ## - PHYSICAL DESCRIPTION
Number of Pages 183
520 ## - SUMMARY, ETC.
Summary, etc As an English teacher and lecturer at Albert Mission College, Krishna has led a mundane and monotonous lifestyle comparable to that of a cow. But he also plays an important role in protecting Indian culture. His life changes when his wife, Susila, and their child, Leela, come to live with him.
650 ## - SUBJECT ADDED ENTRY--TOPICAL TERM
Topical Term NOVEL
Geographic subdivision INDIA
942 ## - ADDED ENTRY ELEMENTS (KOHA)
Koha item type Books
Holdings
Withdrawn status Lost status Collection code Home library Current library Shelving location Date acquired Source of acquisition Cost, normal purchase price Full call number Accession Number Koha item type
    Fiction Main Library Main Library SHELF-14-I- ALPHABETICAL N,O --ENGLISH NOVELS & FICTIONS 10/10/2012 purchase 95.00 823 NAR/E 07103 Books
    Fiction Main Library Main Library SHELF-14-I- ALPHABETICAL N,O --ENGLISH NOVELS & FICTIONS 23/01/2019 purchase 160.00 823 NAR/E 10581 Books